Estadísticas para Últimas 5 Capitales Alfabéticamente por Continente

Haz click aquí para intentar la prueba.

Estadísticas generales

  • Esta prueba ha sido intentada 134 veces
  • La puntuación promedio es 13 de 30

Estadísticas de respuestas

ContinenteCapital% Correcto
América del SurSantiago
81%
América del NorteWashington D.C.
75%
EuropaZagreb
73%
América del SurQuito
70%
América del SurMontevideo
68%
OceaníaWellington
67%
América del SurSucre
60%
EuropaVilna
60%
EuropaVarsovia
59%
América del SurParamaribo
48%
América del NorteSan José
48%
EuropaViena
44%
América del NorteSanto Domingo
43%
AsiaTokio
43%
ÁfricaYibuti
43%
América del NorteSan Salvador
40%
AsiaUlán Bator
40%
América del NorteTegucigalpa
38%
EuropaVaduz
37%
AsiaYakarta
35%
OceaníaSuva
29%
OceaníaYaren
29%
ÁfricaYamena
27%
ÁfricaYuba
24%
ÁfricaYaundé
22%
AsiaVientián
21%
ÁfricaYamusukro
19%
OceaníaPort Vila
17%
OceaníaTarawa Sur
17%
AsiaTimbu
16%

Distribución de puntuación

Porcentaje por número respondido

Porcentaje de gente con cada puntuación

Historial de tus puntuaciones

No has intentado esta prueba.